000 01159nam a22002897a 4500
001 9820
003 FISKH
005 20260227111259.0
008 260227b cb ||||| |||| 00| 0 eng d
020 _a0717284832
040 _aFISKH
_beng
_cFISKH
_dFISKH
050 _aPZ7 .D625 .O
082 _a813.6
100 _aWalt Disnep's
245 _a101 Dalmatians /
_cBy Walp Disnep's
250 _aFirst American Edition
260 _aCalifornia :
_bDisnep Enterprises , Inc ,
_c1995 .
300 _a46 unnumbered pages :
_bcolor illustrations ;
_c22 cm .
505 _aO
520 _aThe story follows Pongo and Perdita, two Dalmatian dogs, whose puppies are kidnapped by the villain Cruella de Vil, who wants to make a coat from their fur. Pongo and Perdita, with the help of other animals, go on an adventurous journey to rescue all 101 Dalmatian puppies. The tale is full of friendship, bravery, and clever problem-solving.
521 8 _a600
_bLexile estimate
521 8 _aO
_bRaz-Plus '
650 _a101 Dalmatians
_vJuvenile Literature
650 _aDisnep
_vJuvenile Literature
942 _2ddc
_cBK
_n0
999 _c9820
_d9820